000 00612cab a2200205 4500
001 WB3328-45
008 090401t1997 xxu||||| |||| 00| 0 eng d
035 _a(Sirsi) u79663
041 _aeng
245 _aRoad schemes get go-ahead
260 _c1997
350 _a0
490 _aIndependent
_v16 July 1997, 4(1)
520 _aThe government is set to anger environmentalists by approving as many as eight out of 12 road-building projects next week. mAP.
650 _aROAD SCHEMES
650 _aROADBUILDING PROGRAMME
690 _aTRANSPORT AND COMMUNICATIONS
942 _n0
948 _c16/07/1997
999 _c50107
_d50107